000 00303nam a22001217a 4500
008 181024b xxu||||| |||| 00| 0 eng d
041 _aeng
080 _a610
100 _a4
101 _aSHM
245 _aLegg-Calve-Perthes Syndrome and Related Osteochondroses of youth
_cGoff,Ch.W
942 _2udc
_cBK
999 _c50839
_d50839